000 00409nam a22001697a 4500
003 CEME
005 20210628201945.0
008 210129b xxu||||| |||| 00| 0 eng d
040 _c.
082 _a891.4394 WAS
100 _aWasif Ali Wasif
_92946
245 _aQatra qatra kulzam
260 _aLAHORE
_bKASHIF PUBLISHERS
_c1999
300 _a208P
650 _aURDU ADAB-ESSAYS
_957599
942 _cBK
_2ddc
999 _c567870
_d567870